Statistiques concernant 15 principaux pays touchés par Covid-19 - 1er mai 2021

Cliquez ici pour prendre le quiz!

Statistiques générales

  • Ce quiz a été pris 23 fois
  • Le résultat moyen est 17 sur 28

Statistiques - réponses

pays% Correct
Etats-Unis
100%
Royaume-Uni
100%
Allemagne
95%
Brésil
95%
Espagne
95%
France
95%
Italie
95%
Mexique
95%
Inde
90%
Russie
85%
Argentine
80%
Belgique
70%
Pays-Bas
65%
Portugal
65%
Pologne
60%
Suède
60%
Colombie
50%
Iran
50%
Turquie
50%
Hongrie
40%
Tchèquie
35%
Croatie
25%
Israël
25%
Panama
20%
Slovénie
20%
Estonie
10%
Lituanie
10%
Bahreïn
5%

Distribution des résultats

Percentile par nombre de réponses

% des personnes avec chaque résultat

Votre développement - résultats

Vous n’avez pas pris ce quiz